000 00433nam a2200181Ia 4500
001 10520
005 20260306161838.0
008 260306t2015||||xx |||||||||||||| ||spa||
041 _aESP
082 _a940.1
_bL39
100 _aLe Goff, Jacques
_eAUT
245 0 _aLa civilización del occidente medieval
260 _c2015
300 _a350 pƔginas :
_c23 cm.
650 _aGEN
654 _aCHU
942 _cLIB
_dJUS
_fJUS
_2ddc
_n
999 _c10520
_d10520